Konkurencieschopnosť Slovenska ako cieľového miesta na medzinárodnom trhu cestovného ruchu

Modely konkurencieschopnosti cieľového miesta. Pyramída strategického výkonu manažmentu cieľových miest. Konkurencieschopnosť a udržateľnosť cieľového miesta - koncepčný model. Konkurencieschopnosť Slovenska na medzinárodnom trhu cestovného ruchu. Index konkurencieschopnosti cestovného ruchu. Index...

Full description

Saved in:
Bibliographic Details
Main Author: Maráková, Vanda
Format: Book Chapter
Language:Slovak
Subjects:
Tags: Add Tag
No Tags, Be the first to tag this record!

MARC

LEADER 00000naa a2200000 4500
001 0250879
005 20190211135601.7
041 0 |a slo 
044 |a SK 
245 1 0 |a Konkurencieschopnosť Slovenska ako cieľového miesta na medzinárodnom trhu cestovného ruchu  |c Vanda Maráková 
520 |a Modely konkurencieschopnosti cieľového miesta. Pyramída strategického výkonu manažmentu cieľových miest. Konkurencieschopnosť a udržateľnosť cieľového miesta - koncepčný model. Konkurencieschopnosť Slovenska na medzinárodnom trhu cestovného ruchu. Index konkurencieschopnosti cestovného ruchu. Index konkurencieschopnosti cestovného ruchu Slovenska v roku 2017. Konkurencieschopnosť cieľových miest na Slovensku. 
610 2 0 |a ruch cestovný 
610 2 0 |a konkurencieschopnosť 
610 2 0 |a indexy 
610 2 0 |a rozvoj trvalo udržateľný 
610 2 0 |a regióny 
610 2 0 |a mestá 
610 2 0 |a organizácie 
610 2 0 |a podpora štátna 
610 2 0 |a legislatíva 
610 2 0 |a manažment 
610 2 0 |a Slovensko 
100 1 |a Maráková, Vanda